Nový mechanizmus hlasování v Radě guvernérů ECB: pohled zvenčí
Rozšírenie Európskej únie o 12 krajín. Riešenie problémov v oblasti rozhodovania o menovej politike Európskej centrálnej banky po rozšírení eurozóny. Návrhy reforiem inštitucionálneho usporiadania rozhodovacieho procesu v rámci Európskeho systému centrálnych bánk (Rada guvernérov). Problém národných...
Uložené v:
| Hlavný autor: | |
|---|---|
| Médium: | Kapitola |
| Jazyk: | Czech |
| Predmet: | |
| Tagy: |
Žiadne tagy, Buďte prvý, kto otaguje tento záznam!
|
MARC
| LEADER | 00000naa$a2200000$$$4500 | ||
|---|---|---|---|
| 001 | 0008439 | ||
| 005 | 20231010095831.3 | ||
| 041 | 0 | |a cze | |
| 044 | |a CZ | ||
| 245 | 1 | 0 | |a Nový mechanizmus hlasování v Radě guvernérů ECB: pohled zvenčí |c aut. Petr Procházka |
| 520 | |a Rozšírenie Európskej únie o 12 krajín. Riešenie problémov v oblasti rozhodovania o menovej politike Európskej centrálnej banky po rozšírení eurozóny. Návrhy reforiem inštitucionálneho usporiadania rozhodovacieho procesu v rámci Európskeho systému centrálnych bánk (Rada guvernérov). Problém národných záujmov a komplikovanosť rozhodovacieho procesu. Porovnanie rozhodovacích modelov vo významných centrálnych bankách. | ||
| 610 | 2 | 0 | |a Európska únia |
| 610 | 2 | 0 | |a politika menová |
| 610 | 2 | 0 | |a banky centrálne |
| 610 | 2 | 0 | |a rozhodovanie |
| 610 | 2 | 0 | |a Európska centrálna banka |
| 610 | 2 | 0 | |a Európsky systém centrálnych bánk |
| 100 | 1 | |a Procházka, Petr | |